Cartographic design : theoretical and practical perspectives

Αποθηκεύτηκε σε:
Λεπτομέρειες βιβλιογραφικής εγγραφής
Συγγραφή απο Οργανισμό/Αρχή: Symposium on Cartographic Design and Research
Άλλοι συγγραφείς: Wood, Clifford H. (Επιμελητής έκδοσης), Keller, C. Peter (Επιμελητής έκδοσης)
Μορφή: Πρακτικό Συνεδρίου Βιβλίο
Γλώσσα:English
Δημοσίευση: Chichester : John Wiley and sons, c1996
Σειρά:International western geographical series
Θέματα:
Ετικέτες: Προσθήκη ετικέτας
Δεν υπάρχουν, Καταχωρήστε ετικέτα πρώτοι!

MARC

LEADER 00000cam a2200000 i 4500
001 1/76833
008 990401s1996 eng d
020 |a 0-471-96587-1 
035 |l 10049704 
040 |a GR-MY-UA  |b gre  |e aacr 
041 0 |a eng 
082 0 |a 526 
245 0 0 |a Cartographic design :  |b theoretical and practical perspectives /  |c edited by Clifford H. Wood and C. Peter Keller 
260 |a Chichester :   |b John Wiley and sons,   |c c1996 
300 |a 306 p. 
490 1 |a International western geographical series 
500 |a Pepers from the Symposium on Cartographic Design and Research, held 8/7-8/94 at the University of Ottawa, Ont 
504 |a Includes bibliographical references and indexes 
650 0 0 |a Cartography  |x Congresses. 
700 1 |a Wood, Clifford H.  |4 edt 
700 1 |a Keller, C. Peter.  |4 edt 
711 2 |a Symposium on Cartographic Design and Research   |d (1994 :   |c University of Ottawa) 
830 0 |a International western geographical series 
852 |a INST  |b LESVOS  |e 19990401  |h 526 CAR  |p 005100017484  |q 005100017484  |t BK  |y 0 
901 |a BIBL-1999-1 
909 |a Λ  |b 065009 
922 |a 1ΕΛΗ  |b 199903  |c ΚΠΣ/ΤΓ  |d LEADER 
950 |a 118-1998-10-19